000 00478nam a2200157 4500
005 20211003152427.0
037 _aBC_456 69/A-B-C-D
_fbroch
040 _aBC-ENSA
_bfre
041 _afre
_bfre
100 _aGAUCHER, G.
245 _aTraité de pédologie agricole le sol
_bet ses caractéristiques agronomiques
260 _aPARIS
_bDUNOD
_c1968
562 _e04 exemplaire(s)
653 _aSOL/PEDOLOGIE AGRICOLE/AGRICULTURE/CARACTERISTIQUE AGRONOMIQUE
942 _c09
999 _c33692
_d61690